Statistiques concernant Les 6 confédérations continentales de football

Cliquez ici pour prendre le quiz!

Statistiques générales

  • Ce quiz a été pris 60 fois
  • Le résultat moyen est 3 sur 6

Statistiques - réponses

ContinentConfédération% Correct
EuropeUEFA
100%
AfriqueCAF
71%
Amérique du NordCONCACAF
68%
Amérique du SudCONMEBOL
45%
AsieAFC
32%
OcéanieOFC
27%

Distribution des résultats

Percentile par nombre de réponses

% des personnes avec chaque résultat

Votre développement - résultats

Vous n’avez pas pris ce quiz